Tratamiento de las quemaduras químicas corneo-conjuntivales (Record no. 178732)

MARC details
000 -LEADER
campo de control de longitud fija 00870nam a22001935i 4500
001 - NÚMERO DE CONTROL
campo de control 178732
003 - IDENTIFICADOR DE NÚMERO DE CONTROL
campo de control ES-MaACL
005 - FECHA Y HORA DE LA ÚLTIMA TRANSACCIÓN
campo de control 20230906220607.0
008 - DATOS DE LONGITUD FIJA--INFORMACIÓN GENERAL
campo de control de longitud fija 110613s1974 sp o |||| | spa d
080 ## - NÚMERO DE LA CLASIFICACIÓN DECIMAL UNIVERSAL
Número de la Clasificación Decimal Universal 617.7-001.17
100 1# - ENTRADA PRINCIPAL--NOMBRE DE PERSONA
Nombre de persona Ribas Montobbio, Juan Bautista.
9 (RLIN) 147179
245 10 - MENCIÓN DEL TÍTULO
Título Tratamiento de las quemaduras químicas corneo-conjuntivales
Resto del título : estudio experimental /
Mención de responsabilidad, etc. resumen de la tesis presentada para aspirar al grado de doctor en medicina por Juan Bta. Ribas Montobbio.
260 ## - PUBLICACIÓN, DISTRIBUCIÓN, ETC.
Lugar de publicación, distribución, etc. Barcelona :
Nombre del editor, distribuidor, etc. Universidad de Barcelona, Secretariado de Publicaciones, Intercambio Científico y Extensión Universitaria :
-- [Ivern],
Fecha de publicación, distribución, etc. 1974.
300 ## - DESCRIPCIÓN FÍSICA
Extensión 33 p. :
Otras características físicas fot. bl. y n. ;
Dimensiones 24 cm.
500 ## - NOTA GENERAL
Nota general Cub. tomada como port.
650 #4 - PUNTO DE ACCESO ADICIONAL DE MATERIA--TÉRMINO DE MATERIA
Término de materia o nombre geográfico como elemento de entrada Ojos-
Subdivisión general Quemaduras.
9 (RLIN) 147180
710 2# - ENTRADA AGREGADA--NOMBRE DE ENTIDAD CORPORATIVA
Nombre de entidad corporativa o nombre de jurisdicción como elemento de entrada Universidad de Barcelona.
9 (RLIN) 7141
852 ## - LOCALIZACIÓN
Ubicación ES-MaACL
Número de control de estantería E-15361 (135)
Encuadernación Olim P-1374
Holdings
Estatus retirado Estado de pérdida Estado de daño No para préstamo Biblioteca de origen Biblioteca actual Ubicación en estantería Fecha de adquisición Fuente de adquisición Total de préstamos Signatura topográfica completa Código de barras Visto por última vez Precio de reemplazo Tipo de ítem Koha
        Biblioteca del Ateneo de Madrid Biblioteca del Ateneo de Madrid Depósito 2 13/06/2011     E-15361 (135) 1187744 23/02/2023 23/02/2023 Libro impreso